000 00297nam a22001217a 4500
082 _a808 LEG'P
100 _aMEAD, C. DAVID,CHARVAT, WILLIAM,MEAD, C. DAVID
_957867
245 _aHANDBOOK FOR WRITERS
250 _a2ND
260 _aNEWJERSCY
_bPRENTICE HALL
_c1955
300 _a544P
942 _cBK
999 _c568111
_d568111